Aportes a la Neurología / (Registro nro. 607)

Detalles MARC
000 -LEADER
fixed length control field 01106 am a2200301 a 4500
005 - FECHA ULTIMA MODIFICACION
control field 20231227114908.0
008 - CAMPO DE CONTROL (LIBRO)
fixed length control field 100811s2003||||ag a f |||| 000 0 spa d
020 ## - INTERNATIONAL STANDARD BOOK NUMBER
ISBN 9874367172
041 ## - CODIGO DE IDIOMA
Código de idioma del texto/pista de sonido o título separado spa
092 ## - SIGNATURA TOPOGRAFICA DEWEY LOCAL
número de clasificación 616.8
libristica 3
sección AME
100 1# - ENTRADA PRINCIPAL--NOMBRE PERSONAL
Nombre personal Ameri, Domingo.
9 (RLIN) 679
245 ## - TITULO PROPIAMENTE DICHO
Título Aportes a la Neurología /
Mención de responsabilidad y remanente de la transcripción de la portada Domingo Ameri.
250 ## - MENCION DE EDICION
Mención de edición 1a ed.
260 ## - PIE DE IMPRENTA
Lugar de publicación, distribución, etc Resistencia [Chaco ; Argentina]:
Nombre de la editorial, distribuidor, etc S/N;
Fecha de publicación 2003.
300 ## - DESCRIPCION FISICA
Extension 208 p.
500 ## - NOTA GENERAL
Nota general Ameri, D. (2003). Aportes a la neurología. (1a ed.). Resistencia [Chaco] : S/N.
653 ## - TÉRMINO INDIZADO - PALABRAS CLAVES
Palabra clave Gaba-B6 en epilepsia humana.
653 ## - TÉRMINO INDIZADO - PALABRAS CLAVES
Palabra clave Gabaterapia en la epilepsia
653 ## - TÉRMINO INDIZADO - PALABRAS CLAVES
Palabra clave Neurotrasmisión. Sistema gaba. Aplicación terapéutica
653 ## - TÉRMINO INDIZADO - PALABRAS CLAVES
Palabra clave Metabolismo del gaba. Pasaje de la Barrera Hemato Encefálica
653 ## - TÉRMINO INDIZADO - PALABRAS CLAVES
Palabra clave Estudio encefalográfico en el ser humano durante el eclipse solar
653 ## - TÉRMINO INDIZADO - PALABRAS CLAVES
Palabra clave Coma cerebral como accidente posneumoencelografia tratado con Dexametasona
653 ## - TÉRMINO INDIZADO - PALABRAS CLAVES
Palabra clave Mano Coreica. Actitud del pulgar
653 ## - TÉRMINO INDIZADO - PALABRAS CLAVES
Palabra clave Semiología de la Corea y Atetosis
653 ## - TÉRMINO INDIZADO - PALABRAS CLAVES
Palabra clave Fases del eclipse
930 ## - NUMERO DE INVENTARIO
Número de inventario 978
942 ## - ADDED ENTRY ELEMENTS (KOHA)
Source of classification or shelving scheme Dewey Decimal Classification
Item type Libros
Existencias
Estado de retiro Existencia Fuente de clasificación Estado general No para prestamo Colección Ubicación permanente ubicación actual Sala de ubicación Fecha de adquisición Total Checkouts Número de clasificación Código de barras Date last seen Número de ejemplar Price effective from Koha tipo de elemento (item) Public note Coded location qualifier
    Dewey Decimal Classification     Reference Biblioteca Medicina Biblioteca Medicina Referencia 13/05/2011   616.8 3 AME 978 30/09/2019 ej.1 13/05/2011 Reference LIBRO DE CONSULTA Hemeroteca 2022  

UNIVERSIDAD NACIONAL DEL COMAHUE
Biblioteca de la Facultad de Ciencias Médicas
Sede Toschi: Los Arrayanes y Av. Toschi, Cipolletti  - Rio Negro
Sede Los Tordos:  Yrigoyen al 2211, Cipolletti - Rio Negro 

Teléfono: 0299 - 4774707 int 25
Contacto: biblioteca@facimed.uncoma.edu.ar
© 2011 - 2026